[Event "Czech Open GM 2019"]
[Site "Pardubice"]
[Date "2019.07.19"]
[Round "1.44"]
[White "Ter-Saakian, Grigorii"]
[Black "Dzikowski, Michal"]
[Result "1-0"]
[WhiteElo "2338"]
[BlackElo "2109"]
[Annotator "NA"]
[PlyCount "99"]
[EventDate "2019.07.19"]
[EventType "swiss"]
[EventCountry "CZE"]
[SourceTitle "playchess.com"]
[Source "ChessBase"]
[SourceQuality "1"]

1. e4 c6 2. Nc3 d5 3. Nf3 Bg4 4. h3 Bxf3 5. Qxf3 Nf6 6. d3 e6 7. g4 Bb4 8. Bg2 d4 9. a3 Qa5 10. axb4 Qxa1 11. Ne2 Qa4 12. Nxd4 Qxb4+ 13. c3 Qb6 14. O-O c5 15. Ne2 Nc6 16. g5 Nd7 17. Qg3 O-O-O 18. d4 Qb5 19. Re1 cxd4 20. cxd4 Qb4 21. Rd1 Nc5 22. Be3 Qxb2 23. Bf3 h5 24. d5 Nb3 25. Rd3 Qb1+ 26. Nc1 Nxc1 27. Rd1 exd5 28. exd5 Rxd5 29. Rxc1 Qf5 30. Bxd5 Qxd5 31. Bxa7 Kd7 32. Bb6 Qe5 33. Qd3+ Ke7 34. f4 Qxf4 35. Re1+ Ne5 36. Bc5+ Ke6 37. Qb3+ Kd7 38. Qxb7+ Ke6 39. Qb3+ Kd7 40. Qd5+ Kc8 41. Qxe5 Qxe5 42. Rxe5 f6 43. gxf6 gxf6 44. Rf5 Rg8+ 45. Kf2 Rg6 46. Bd4 Kd7 47. Rxf6 Rg5 48. Be3 Rb5 49. Rg6 Ke7 50. Rg5 1-0

[Event "Czech Open GM 2019"]
[Site "Pardubice"]
[Date "2019.07.19"]
[Round "1.45"]
[White "Zhuravlev, Stepan"]
[Black "Salimova, Nurgyul"]
[Result "1/2-1/2"]
[WhiteElo "2182"]
[BlackElo "2416"]
[Annotator "NA"]
[PlyCount "120"]
[EventDate "2019.07.19"]
[EventType "swiss"]
[EventCountry "CZE"]
[SourceTitle "playchess.com"]
[Source "ChessBase"]
[SourceQuality "1"]

1. d4 Nf6 2. c4 e6 3. Nc3 b6 4. a3 a5 5. e4 d6 6. Nf3 Bb7 7. Bd3 Nbd7 8. O-O e5 9. d5 g6 10. Rb1 Bg7 11. b4 O-O 12. Na4 axb4 13. axb4 Ba6 14. Ne1 Qe7 15. Be3 Rfb8 16. f3 Nh5 17. Rf2 Nf4 18. Bf1 b5 19. cxb5 Bxb5 20. Bxb5 Rxb5 21. Nc3 Rbb8 22. Rc2 Nb6 23. Ne2 f5 24. Bxf4 exf4 25. Nxf4 fxe4 26. Ne6 Bh6 27. fxe4 c5 28. bxc5 dxc5 29. Nf3 Nd7 30. Rxb8+ Rxb8 31. h3 Qf6 32. Ra2 c4 33. Kh1 c3 34. Qe1 Rb2 35. Ra8+ Kf7 36. Nd8+ Kg7 37. Ne6+ Kf7 38. e5 c2 39. exf6 Rb1 40. Rc8 Rxe1+ 41. Nxe1 c1=Q 42. Rxc1 Bxc1 43. Nd3 Be3 44. Nc7 Kxf6 45. g4 Bb6 46. d6 Bc5 47. Nxc5 Nxc5 48. Kg2 Ke5 49. Ne8 Nb7 50. d7 Ke6 51. g5 Kxd7 52. Nf6+ Ke6 53. Nxh7 Kf5 54. Kf3 Nd6 55. h4 Nf7 56. Kg3 Nd6 57. Nf6 Nf7 58. Nh7 Nd6 59. Nf6 Nf7 60. Ng8 Nxg5 1/2-1/2

[Event "Czech Open GM 2019"]
[Site "Pardubice"]
[Date "2019.07.19"]
[Round "1.46"]
[White "Pulpan, Jakub"]
[Black "Richterova, Natasa"]
[Result "1-0"]
[WhiteElo "2414"]
[BlackElo "2179"]
[Annotator "NA"]
[PlyCount "59"]
[EventDate "2019.07.19"]
[EventType "swiss"]
[EventCountry "CZE"]
[SourceTitle "playchess.com"]
[Source "ChessBase"]
[SourceQuality "1"]

1. e4 Nf6 2. e5 Nd5 3. d4 d6 4. Nf3 Bg4 5. Be2 e6 6. c4 Nb6 7. exd6 cxd6 8. Nc3 Be7 9. O-O O-O 10. Be3 d5 11. c5 Bxf3 12. Bxf3 Nc4 13. Bf4 b6 14. b3 Na5 15. b4 Nc4 16. Rc1 a5 17. b5 bxc5 18. dxc5 Bxc5 19. Na4 Nd7 20. Rxc4 Bb4 21. Rc6 e5 22. Bg3 d4 23. Qb3 Rb8 24. a3 Be7 25. Re1 Bf6 26. Qd5 Qe7 27. Nc5 Nb6 28. Qe4 Rfe8 29. Na6 Rb7 30. Rxf6 1-0

[Event "Czech Open GM 2019"]
[Site "Pardubice"]
[Date "2019.07.19"]
[Round "1.47"]
[White "Brejnik, Gustav"]
[Black "Menezes, Christoph"]
[Result "0-1"]
[WhiteElo "2179"]
[BlackElo "2413"]
[Annotator "NA"]
[PlyCount "174"]
[EventDate "2019.07.19"]
[EventType "swiss"]
[EventCountry "CZE"]
[SourceTitle "playchess.com"]
[Source "ChessBase"]
[SourceQuality "1"]

1. d4 Nf6 2. c4 e6 3. g3 c5 4. d5 exd5 5. cxd5 d6 6. Nc3 g6 7. Bg2 Bg7 8. Nf3 O-O 9. O-O Re8 10. Bf4 Bf5 11. Nh4 Bg4 12. h3 Nh5 13. hxg4 Nxf4 14. gxf4 Qxh4 15. e3 Qe7 16. Qd3 Nd7 17. g5 a6 18. a4 h6 19. Ne4 hxg5 20. fxg5 Rab8 21. Qe2 Nb6 22. a5 Nxd5 23. Rad1 Nb4 24. Rxd6 Qc7 25. Rfd1 Rbd8 26. Rxd8 Rxd8 27. Nf6+ Bxf6 28. gxf6 Rd6 29. Bxb7 Rxf6 30. Qg4 Kg7 31. Be4 Qxa5 32. Qh4 Qc7 33. Kg2 Qe5 34. Rd8 Qh5 35. Qxh5 gxh5 36. Rc8 Re6 37. Kf3 Re5 38. Kf4 f6 39. Rc7+ Kf8 40. Rc8+ Ke7 41. Rc7+ Kd6 42. Rf7 Ke6 43. Rh7 c4 44. Kf3 Nd3 45. Ra7 Nc5 46. Bg6 Kd6 47. Bf7 Ne4 48. Rxa6+ Kc7 49. Bg6 Nd6 50. Ra7+ Kb6 51. Rh7 Rb5 52. Rxh5 Rxb2 53. Rd5 Kc6 54. Rd1 Kc5 55. e4 c3 56. Rd5+ Kc6 57. Rd3 Rb3 58. e5 c2 59. Rxb3 c1=Q 60. Rb1 Qc3+ 61. Kg2 Qxe5 62. Kf1 Kd7 63. Rd1 f5 64. Bh5 Qe4 65. Kg1 Qf4 66. Be2 Ke7 67. Rd3 Ne4 68. Bf3 Ng5 69. Bg2 Qc1+ 70. Kh2 Qc7+ 71. Kg1 Kf6 72. Rb3 Ne6 73. Rb7 Qc1+ 74. Kh2 Qf4+ 75. Kg1 Nc5 76. Rb6+ Kg5 77. Rb5 Nd3 78. f3 Kh4 79. Rb7 Qd4+ 80. Kh2 Qe5+ 81. Kh1 Kg3 82. Rb1 Qh8+ 83. Kg1 Qd4+ 84. Kh1 Nf2+ 85. Kg1 Nh3+ 86. Kh1 Qg1+ 87. Rxg1 Nf2# 0-1

[Event "Czech Open GM 2019"]
[Site "Pardubice"]
[Date "2019.07.19"]
[Round "1.48"]
[White "Lalic, Bogdan"]
[Black "Volodin, Viktor"]
[Result "1-0"]
[WhiteElo "2411"]
[BlackElo "2178"]
[Annotator "NA"]
[PlyCount "89"]
[EventDate "2019.07.19"]
[EventType "swiss"]
[EventCountry "CZE"]
[SourceTitle "playchess.com"]
[Source "ChessBase"]
[SourceQuality "1"]

1. c4 e6 2. Nc3 d5 3. d4 Nf6 4. cxd5 exd5 5. Bg5 c6 6. e3 Be7 7. Qc2 Bg4 8. h3 Bh5 9. f4 h6 10. Bxf6 Bxf6 11. g4 Bg6 12. f5 Bh4+ 13. Kd2 Bh7 14. Nf3 O-O 15. Bd3 Nd7 16. Raf1 Re8 17. Nxh4 Qxh4 18. Qd1 Re7 19. Qe1 Qxe1+ 20. Rxe1 Nf6 21. Rhg1 Ne4+ 22. Bxe4 dxe4 23. Kc2 f6 24. Rd1 Kf8 25. d5 cxd5 26. Nxd5 Rc8+ 27. Kb1 Re5 28. Nf4 Ke8 29. Rc1 Rxc1+ 30. Rxc1 Kd7 31. Ne6 Kd6 32. Nxg7 Bg8 33. Nh5 Bd5 34. Nxf6 Bc6 35. Rd1+ Kc7 36. b3 Bb5 37. Kb2 Bd3 38. Ng8 h5 39. f6 hxg4 40. hxg4 Re8 41. f7 Rf8 42. Nh6 Kd7 43. g5 Ke7 44. g6 Kf6 45. Rg1 1-0

[Event "Czech Open GM 2019"]
[Site "Pardubice"]
[Date "2019.07.19"]
[Round "1.49"]
[White "Ahn, Hongjin"]
[Black "Siddharth, Jagadeesh"]
[Result "0-1"]
[WhiteElo "2177"]
[BlackElo "2410"]
[Annotator "NA"]
[PlyCount "108"]
[EventDate "2019.07.19"]
[EventType "swiss"]
[EventCountry "CZE"]
[SourceTitle "playchess.com"]
[Source "ChessBase"]
[SourceQuality "1"]

1. c4 c5 2. Nf3 Nc6 3. Nc3 g6 4. e3 Nf6 5. d4 cxd4 6. exd4 d5 7. cxd5 Nxd5 8. Qb3 Nxc3 9. Bc4 Nd5 10. Bxd5 e6 11. Bxc6+ bxc6 12. O-O Qd5 13. Bf4 f6 14. Rac1 g5 15. Bg3 Be7 16. Rc3 Bd7 17. Re1 O-O 18. Nd2 a5 19. a3 a4 20. Qc2 Qxd4 21. Nc4 e5 22. Rd1 Qa7 23. h4 Bg4 24. hxg5 Bxd1 25. Qxd1 fxg5 26. Nxe5 Bf6 27. Rxc6 Rad8 28. Qe2 Qd4 29. Kh2 Bxe5 30. Qxe5 Qxe5 31. Bxe5 Rxf2 32. Rc7 Rf7 33. Rc4 Ra8 34. Bc3 Raa7 35. Kh3 Rfc7 36. Rb4 Rc6 37. Kg4 Kf7 38. Rb5 h6 39. Kh5 Raa6 40. Re5 Rc4 41. g3 Re6 42. Rf5+ Ke7 43. Ra5 Re3 44. Kxh6 g4 45. Be5 Ke6 46. Bf4 Rb3 47. Re5+ Kf6 48. Rg5 Rxf4 49. Rg6+ Kf5 50. Rg5+ Ke4 51. gxf4 Kxf4 52. Ra5 g3 53. Rxa4+ Kf3 54. Kg5 g2 0-1

[Event "Czech Open GM 2019"]
[Site "Pardubice"]
[Date "2019.07.19"]
[Round "1.50"]
[White "Potapov, Alexander"]
[Black "Frolov, Aleksey G."]
[Result "0-1"]
[WhiteElo "2409"]
[BlackElo "2174"]
[Annotator "NA"]
[PlyCount "94"]
[EventDate "2019.07.19"]
[EventType "swiss"]
[EventCountry "CZE"]
[SourceTitle "playchess.com"]
[Source "ChessBase"]
[SourceQuality "1"]

1. d4 Nf6 2. c4 g6 3. Nc3 d5 4. Bf4 Bg7 5. e3 O-O 6. cxd5 Nxd5 7. Nxd5 Qxd5 8. Bxc7 Na6 9. Bxa6 Qxg2 10. Qf3 Qxf3 11. Nxf3 bxa6 12. Ke2 Bg4 13. Rhc1 f6 14. Rc4 e5 15. d5 f5 16. Rxg4 fxg4 17. Ng5 Rf5 18. Ne6 e4 19. Rd1 Bf6 20. Bg3 Kf7 21. b4 Be5 22. Nc5 Bxg3 23. hxg3 a5 24. a3 axb4 25. axb4 a5 26. Nxe4 Rd8 27. bxa5 Rfxd5 28. Rb1 Re8 29. Rb4 Re6 30. Rb7+ Kg8 31. a6 Rxa6 32. Rb8+ Kg7 33. Rb7+ Kh6 34. Rb2 Rda5 35. Kf1 Re6 36. Rb4 Ra2 37. Nc3 Rc2 38. Ne2 Rd6 39. Nd4 Ra2 40. Rc4 Rf6 41. Ne2 Rb6 42. Nc1 Rb1 43. Ke1 Kg7 44. Rc5 h5 45. e4 Kf6 46. Rc8 g5 47. Kf1 Raa1 0-1

[Event "Czech Open GM 2019"]
[Site "Pardubice"]
[Date "2019.07.19"]
[Round "1.51"]
[White "Dushyant Sharma"]
[Black "Meissner, Felix"]
[Result "1-0"]
[WhiteElo "2168"]
[BlackElo "2407"]
[Annotator "NA"]
[PlyCount "119"]
[EventDate "2019.07.19"]
[EventType "swiss"]
[EventCountry "CZE"]
[SourceTitle "playchess.com"]
[Source "ChessBase"]
[SourceQuality "1"]

1. e4 c5 2. Nf3 d6 3. d4 cxd4 4. Nxd4 Nf6 5. Nc3 a6 6. Bg5 Nbd7 7. Bc4 Qb6 8. Bb3 e6 9. Qd2 Nc5 10. f3 Be7 11. O-O-O Bd7 12. h4 Qc7 13. Kb1 b5 14. Rc1 Rb8 15. Qe2 O-O 16. h5 b4 17. Nd1 a5 18. c3 a4 19. Bc4 h6 20. Bd2 b3 21. a3 e5 22. Ne3 exd4 23. cxd4 d5 24. Bxd5 Bb5 25. Bc4 Ne6 26. Bxb5 Qa7 27. Nf5 Nxd4 28. Nxd4 Qxd4 29. Bc3 Qb6 30. Bc4 Rfd8 31. g4 Bc5 32. Bxf6 gxf6 33. Bd5 Rbc8 34. Qc4 Bxa3 35. Qxa4 Bc5 36. Qxb3 Qa5 37. Bxf7+ Kg7 38. Bg6 Rc7 39. Rhd1 Ra8 40. Rc3 Qa1+ 41. Kc2 Qa7 42. Qe6 Qa4+ 43. Qb3 Qa7 44. e5 fxe5 45. Be4 Rb8 46. Qd5 Qa4+ 47. Kb1 Re8 48. g5 hxg5 49. h6+ Kh8 50. Rdc1 g4 51. Rxc5 Ra7 52. Qc6 Qa2+ 53. Kc2 Rf8 54. Bd5 Qa4+ 55. Qxa4 Rxa4 56. fxg4 Rxg4 57. Kb1 Rd4 58. Bb3 e4 59. Re5 Rb8 60. Rc7 1-0

[Event "Czech Open GM 2019"]
[Site "Pardubice"]
[Date "2019.07.19"]
[Round "1.52"]
[White "Koykka, Pekka"]
[Black "Daniel, Damian"]
[Result "0-1"]
[WhiteElo "2402"]
[BlackElo "2166"]
[Annotator "NA"]
[PlyCount "108"]
[EventDate "2019.07.19"]
[EventType "swiss"]
[EventCountry "CZE"]
[SourceTitle "playchess.com"]
[Source "ChessBase"]
[SourceQuality "1"]

1. d4 Nf6 2. Bg5 d5 3. e3 c5 4. dxc5 Ne4 5. Bh4 Qa5+ 6. c3 Qxc5 7. Nd2 g5 8. Nxe4 dxe4 9. Bg3 Nc6 10. Qa4 Bg7 11. Rd1 Bg4 12. Be2 Bf5 13. Bc4 Qb6 14. Ne2 O-O 15. O-O Rad8 16. Qb3 Qxb3 17. Bxb3 Bg4 18. Rxd8 Rxd8 19. Nd4 e6 20. Bc2 Nxd4 21. exd4 f5 22. h3 Be2 23. Re1 Bc4 24. Bb1 Kf7 25. Bh2 Bd5 26. Kf1 Bc4+ 27. Kg1 Bd5 28. Bc7 Rd7 29. Bb8 b5 30. Rd1 a5 31. Kf1 b4 32. cxb4 axb4 33. Ke1 Rd8 34. Bc7 Ra8 35. b3 Bf8 36. Ke2 h5 37. g3 Bb7 38. Ke3 Rc8 39. Be5 Rc3+ 40. Ke2 Bc6 41. Rd2 h4 42. Rc2 Bb5+ 43. Kd1 Bd3 44. Rxc3 bxc3 45. Bc2 g4 46. gxh4 gxh3 47. a4 Bg7 48. Bh2 Bxd4 49. b4 Bxf2 50. h5 Bc4 51. Kc1 e3 52. Bd1 e2 53. Bxe2 Bxe2 54. Kc2 Bd4 0-1

[Event "Czech Open GM 2019"]
[Site "Pardubice"]
[Date "2019.07.20"]
[Round "2.1"]
[White "Laznicka, Viktor"]
[Black "Ludvik, Tomas"]
[Result "1-0"]
[WhiteElo "2658"]
[BlackElo "2334"]
[Annotator "TA"]
[PlyCount "91"]
[EventDate "2019.07.19"]
[EventType "swiss"]
[EventCountry "CZE"]
[SourceTitle "playchess.com"]
[Source "ChessBase"]
[SourceQuality "1"]

1. d4 d5 2. c4 e6 3. Nf3 Nf6 4. Nc3 c6 5. e3 Nbd7 6. Qc2 Bd6 7. b3 O-O 8. Be2 b6 9. O-O Bb7 10. Bb2 Qe7 11. Rad1 Rad8 12. Rfe1 Rfe8 13. g3 a6 14. Bf1 c5 15. cxd5 Nxd5 16. Nxd5 exd5 17. Bg2 Rc8 18. dxc5 Nxc5 19. Qb1 Ne4 20. Nd4 Qd7 21. Ne2 Qe7 22. Nf4 Bb4 23. Re2 Rcd8 24. Qa1 Qg5 25. a3 Bf8 26. Rc2 Qe7 27. Bd4 Qd6 28. b4 a5 29. bxa5 bxa5 30. Rb1 Ba8 31. a4 Rb8 32. Rb5 Rbc8 33. Qc1 Rxc2 34. Qxc2 f5 35. f3 Nf6 36. Qxf5 Bc6 37. Rb6 Qc7 38. Qc2 Rc8 39. Bh3 Bd7 40. Qxc7 Rxc7 41. Bxd7 Rxd7 42. Rb5 Bb4 43. Bxf6 gxf6 44. Nxd5 Kf7 45. Kf2 Ke6 46. e4 1-0

[Event "Czech Open GM 2019"]
[Site "Pardubice"]
[Date "2019.07.20"]
[Round "2.1"]
[White "Novotny, Michal"]
[Black "Frolov, Artur"]
[Result "1/2-1/2"]
[WhiteElo "2280"]
[BlackElo "2453"]
[Annotator "ChessBase"]
[PlyCount "134"]
[EventDate "2019.07.19"]
[EventType "swiss"]
[EventCountry "CZE"]
[SourceTitle "playchess.com"]
[Source "ChessBase"]
[SourceQuality "1"]

1. d4 Nf6 2. Nf3 g6 3. Nc3 d5 4. Bf4 c6 5. e3 Bg7 6. Be2 O-O 7. Ne5 Nbd7 8. h4 Nxe5 9. Bxe5 h5 10. Bd3 Qa5 11. O-O Ng4 12. Bxg7 Kxg7 13. Qd2 e5 14. dxe5 Qd8 15. g3 Nxe5 16. Be2 Bh3 17. Rfe1 Re8 18. Qd4 Qf6 19. f4 Ng4 20. Bxg4 Bxg4 21. Kf2 Bf5 22. Rac1 Re7 23. Ne2 Rae8 24. Qxf6+ Kxf6 25. Nd4 Bg4 26. b4 Re4 27. c4 dxc4 28. Rxc4 Be6 29. Rc3 Bxa2 30. Ra1 Bd5 31. Rxa7 R4e7 32. Ra5 Rd8 33. b5 cxb5 34. Rxb5 Be4 35. Rb6+ Kg7 36. Rb2 Ra8 37. Rc1 Ra6 38. Rd1 Rc7 39. Nb5 Rb6 40. Rd4 Bc6 41. Rdb4 Rd7 42. Nd4 Rxb4 43. Rxb4 Bd5 44. Rb6 Rc7 45. f5 Kh7 46. Rd6 Be4 47. f6 g5 48. hxg5 Kg6 49. Rd8 Kxg5 50. Re8 Bg6 51. Re7 Rc1 52. Rxb7 Kxf6 53. Rb6+ Ke5 54. Nf3+ Kd5 55. Rb5+ Kc4 56. Rb2 Kc3 57. Ra2 Be4 58. Ng1 Kb3 59. Rd2 f5 60. Rd8 Rc2+ 61. Ke1 Rg2 62. Ne2 Kb4 63. Kf1 Rh2 64. Nf4 Rh1+ 65. Kf2 Rh2+ 66. Kf1 Rh1+ 67. Kf2 Rh2+ 1/2-1/2

[Event "Czech Open GM 2019"]
[Site "Pardubice"]
[Date "2019.07.20"]
[Round "2.2"]
[White "Ostrovskiy, Aleksandr"]
[Black "Wilschut, Peter"]
[Result "1/2-1/2"]
[WhiteElo "2453"]
[BlackElo "2279"]
[Annotator "TA"]
[PlyCount "160"]
[EventDate "2019.07.19"]
[EventType "swiss"]
[EventCountry "CZE"]
[SourceTitle "playchess.com"]
[Source "ChessBase"]
[SourceQuality "1"]

1. e4 c6 2. Nc3 d5 3. Nf3 dxe4 4. Nxe4 Nf6 5. Nxf6+ gxf6 6. d4 Bg4 7. Be2 e6 8. O-O Bd6 9. c4 Qc7 10. g3 Na6 11. a3 Qd7 12. b4 Nc7 13. Nh4 Bxe2 14. Qxe2 b5 15. Bh6 bxc4 16. Rac1 c3 17. Rxc3 Nb5 18. Rd3 Be7 19. Rc1 Rd8 20. Nf3 Qd5 21. Qc2 e5 22. a4 e4 23. Re3 Nd6 24. Nh4 Rc8 25. Bf4 f5 26. Bxd6 Bxh4 27. Qc5 Kd7 28. gxh4 Qxd6 29. Qxf5+ Qe6 30. Qxe6+ fxe6 31. Rxe4 Rb8 32. Rc4 Rhg8+ 33. Kf1 Kd6 34. Re5 Rb6 35. a5 Rb5 36. Rxb5 cxb5 37. Rc5 a6 38. f3 Rf8 39. Kf2 Rf4 40. Rh5 Rxd4 41. Rxh7 Rxb4 42. h5 Ke5 43. Kg3 Kf6 44. Ra7 Rb1 45. Rxa6 b4 46. h6 b3 47. h7 Kg7 48. Ra7+ Kh8 49. Rb7 Ra1 50. Rxb3 Rxa5 51. Rb7 Rg5+ 52. Kh4 Rg6 53. f4 Rh6+ 54. Kg3 Rg6+ 55. Kf3 Rh6 56. Kg3 Rg6+ 57. Kh4 Rh6+ 58. Kg5 Rxh2 59. Rf7 Re2 60. Re7 Re1 61. Kg6 Rg1+ 62. Kf6 Rf1 63. Ke5 Re1+ 64. Kd6 Rf1 65. Rf7 Rd1+ 66. Ke7 Re1 67. Kf6 Re2 68. Re7 Rf2 69. Ke5 Re2+ 70. Kd6 Rf2 71. Rf7 Re2 72. Kd7 Re1 73. Ke8 Re2 74. Ke7 Re1 75. Kf6 Re2 76. Ra7 Rf2 77. Kg5 Rg2+ 78. Kh5 Rf2 79. Kg4 Rf1 80. Rb7 Rf2 1/2-1/2

[Event "Czech Open GM 2019"]
[Site "Pardubice"]
[Date "2019.07.20"]
[Round "2.2"]
[White "Dobrovoljc, Vid"]
[Black "Movsesian, Sergei"]
[Result "0-1"]
[WhiteElo "2334"]
[BlackElo "2649"]
[Annotator "TA"]
[PlyCount "100"]
[EventDate "2019.07.19"]
[EventType "swiss"]
[EventCountry "CZE"]
[SourceTitle "playchess.com"]
[Source "ChessBase"]
[SourceQuality "1"]

1. e4 c5 2. Nf3 Nc6 3. d4 cxd4 4. Nxd4 Qb6 5. Nb3 Nf6 6. Nc3 e6 7. Be3 Qc7 8. g4 h6 9. Bg2 Ne5 10. h3 a6 11. Qe2 Ng6 12. O-O-O Bd6 13. Rxd6 Qxd6 14. Bc5 Qf4+ 15. Kb1 h5 16. Nd2 Qc7 17. Qe3 d6 18. Bb6 Qe7 19. Nc4 hxg4 20. Rd1 O-O 21. hxg4 e5 22. f3 Nf4 23. Bf1 Ne8 24. Nxd6 Nxd6 25. Qc5 Be6 26. Qxd6 Qxd6 27. Rxd6 g5 28. Rd1 Kg7 29. Na4 Rh8 30. Nc5 Rh1 31. Kc1 Rc8 32. a4 Rc6 33. a5 Bc8 34. b3 Ne6 35. Nxe6+ Rxe6 36. Bc4 Reh6 37. Bd5 R1h3 38. Rd3 Rf6 39. Rc3 Bxg4 40. Bc7 Rfxf3 41. Bxe5+ Kg6 42. Rc7 Be6 43. Bxe6 fxe6 44. Rxb7 Rh4 45. Rg7+ Kh6 46. Rg8 Rxe4 47. Bd6 g4 48. b4 Kh7 49. Rg5 Rf5 50. Rxf5 exf5 0-1

[Event "Czech Open GM 2019"]
[Site "Pardubice"]
[Date "2019.07.20"]
[Round "2.3"]
[White "Domogaev, Sergey"]
[Black "Martinez Alcantara, Jose Eduardo"]
[Result "1-0"]
[WhiteElo "2332"]
[BlackElo "2601"]
[Annotator "RC"]
[PlyCount "139"]
[EventDate "2019.07.19"]
[EventType "swiss"]
[EventCountry "CZE"]
[SourceTitle "playchess.com"]
[Source "ChessBase"]
[SourceQuality "1"]

1. d4 Nf6 2. Nf3 e6 3. g3 d5 4. Bg2 b5 5. O-O Nbd7 6. Bg5 Be7 7. Nbd2 O-O 8. a4 b4 9. c4 bxc3 10. bxc3 Ba6 11. Re1 c5 12. Ne5 Rc8 13. a5 cxd4 14. cxd4 Nxe5 15. dxe5 Nd7 16. Bxe7 Qxe7 17. f4 Nc5 18. Nf3 Ne4 19. Nd4 Qb4 20. e3 Rc7 21. Qb1 Qd2 22. Qa2 Qxa2 23. Rxa2 g6 24. Bxe4 dxe4 25. h4 h5 26. Ra3 Rb8 27. Ra2 Rc3 28. Kf2 Bc4 29. Rd2 Ra3 30. g4 hxg4 31. Kg3 Kg7 32. Kxg4 Rh8 33. Rc2 Bd5 34. Rc5 a6 35. Kg3 Rh5 36. Nc2 Rb3 37. Nd4 Rb8 38. Rc7 Rbh8 39. Rh1 g5 40. fxg5 Rxg5+ 41. hxg5 Rxh1 42. Ne2 Kf8 43. Nf4 Rg1+ 44. Kh4 Bb3 45. Rc3 Bd1 46. g6 fxg6 47. Nxe6+ Ke7 48. Nd4 Kd8 49. Rc6 g5+ 50. Kh3 Bf3 51. Rd6+ Ke8 52. Nc6 Rh1+ 53. Kg3 Rg1+ 54. Kf2 Rc1 55. e6 Rd1 56. Rxd1 Bxd1 57. Nb4 Ke7 58. Nxa6 Bb3 59. Nc5 Bd5 60. Kg3 Kd6 61. a6 Bc6 62. a7 Ke7 63. Kh3 Kf6 64. Kg4 Bd5 65. Kg3 Bc6 66. Nb3 Bb7 67. Nd4 Ke7 68. Kg4 Kf6 69. Kh5 Ba8 70. Nb5 1-0

[Event "Czech Open GM 2019"]
[Site "Pardubice"]
[Date "2019.07.20"]
[Round "2.3"]
[White "Szustakowski, Antoni"]
[Black "Vykouk, Jan"]
[Result "0-1"]
[WhiteElo "2279"]
[BlackElo "2453"]
[Annotator "ChessBase"]
[PlyCount "120"]
[EventDate "2019.07.19"]
[EventType "swiss"]
[EventCountry "CZE"]
[SourceTitle "playchess.com"]
[Source "ChessBase"]
[SourceQuality "1"]

1. d4 Nf6 2. c4 d6 3. Nc3 Nbd7 4. Nf3 e5 5. e4 g6 6. Be2 Bg7 7. O-O O-O 8. Be3 c6 9. Qc2 Qe7 10. Rad1 h6 11. dxe5 dxe5 12. a3 Nh5 13. Rfe1 Nf4 14. Bf1 Ne6 15. b4 f5 16. exf5 gxf5 17. Ne2 a5 18. c5 axb4 19. axb4 Nc7 20. Nc3 e4 21. Nd4 Ne5 22. Nb3 Ne6 23. Na5 f4 24. Bc1 e3 25. Ne4 Ng5 26. Nxg5 Qxg5 27. Kh1 Ng4 28. fxe3 Qh4 29. h3 Nf2+ 30. Kg1 Nxd1 31. Rxd1 f3 32. Qc4+ Qxc4 33. Bxc4+ Kh8 34. gxf3 Rxf3 35. Kg2 Rf8 36. e4 Re8 37. Rd6 Kh7 38. Bf7 Rf8 39. Bg6+ Kh8 40. Bh5 Rf6 41. e5 Rxd6 42. exd6 Bc3 43. Bg4 Bxg4 44. hxg4 Rb8 45. Bxh6 Bxb4 46. Nb3 Rg8 47. Kf3 Kh7 48. Bf4 Kg6 49. Ke4 Kf6 50. g5+ Ke6 51. Be3 Re8 52. Bd4 b6 53. cxb6 Kxd6+ 54. Kf5 c5 55. Bxc5+ Bxc5 56. Nxc5 Kxc5 57. Kf6 Kd6 58. g6 Re6+ 59. Kf7 Re7+ 60. Kf8 Ke5 0-1

[Event "Czech Open GM 2019"]
[Site "Pardubice"]
[Date "2019.07.20"]
[Round "2.4"]
[White "Cernousek, Lukas"]
[Black "Iliaguev, Kafar"]
[Result "1-0"]
[WhiteElo "2451"]
[BlackElo "2276"]
[Annotator "ChessBase"]
[PlyCount "45"]
[EventDate "2019.07.19"]
[EventType "swiss"]
[EventCountry "CZE"]
[SourceTitle "playchess.com"]
[Source "ChessBase"]
[SourceQuality "1"]

1. e4 e6 2. d4 d5 3. Nc3 dxe4 4. Nxe4 Nd7 5. Nf3 Ngf6 6. Bd3 Nxe4 7. Bxe4 Nf6 8. Bd3 c5 9. dxc5 Bxc5 10. Qe2 Qc7 11. O-O O-O 12. c4 b6 13. Bd2 Bb7 14. Bc3 Rad8 15. Rad1 Ng4 16. Bxh7+ Kh8 17. Ne5 Rxd1 18. Rxd1 Nxf2 19. Rd7 Qb8 20. Ng6+ fxg6 21. Bxg7+ Kxh7 22. Bxf8+ Kh8 23. Bg7+ 1-0

[Event "Czech Open GM 2019"]
[Site "Pardubice"]
[Date "2019.07.20"]
[Round "2.4"]
[White "Mueller, Ralf"]
[Black "Vorobiov, Evgeny E."]
[Result "1/2-1/2"]
[WhiteElo "2331"]
[BlackElo "2578"]
[Annotator "ChessBase"]
[PlyCount "58"]
[EventDate "2019.07.19"]
[EventType "swiss"]
[EventCountry "CZE"]
[SourceTitle "playchess.com"]
[Source "ChessBase"]
[SourceQuality "1"]

1. d4 Nf6 2. Nf3 g6 3. c4 Bg7 4. g3 c5 5. Bg2 cxd4 6. Nxd4 Nc6 7. Nc3 Nxd4 8. Qxd4 O-O 9. O-O d6 10. Bg5 Be6 11. Qh4 Rc8 12. b3 Rc5 13. Bf3 a6 14. Nd5 Bxd5 15. cxd5 Qd7 16. Rac1 Rfc8 17. Be3 Rc2 18. Rxc2 Rxc2 19. Rc1 Qc7 20. Rxc2 Qxc2 21. Kg2 h5 22. Qa4 Qc8 23. Bg5 Kf8 24. Bxf6 Bxf6 25. Qb4 Qc7 26. a4 Kg7 27. e3 a5 28. Qd2 Qc5 29. h4 Qc3 1/2-1/2

[Event "Czech Open GM 2019"]
[Site "Pardubice"]
[Date "2019.07.20"]
[Round "2.5"]
[White "Dixit, Nikhil"]
[Black "Stocek, Jiri"]
[Result "0-1"]
[WhiteElo "2318"]
[BlackElo "2556"]
[Annotator "ChessBase"]
[PlyCount "108"]
[EventDate "2019.07.19"]
[EventType "swiss"]
[EventCountry "CZE"]
[SourceTitle "playchess.com"]
[Source "ChessBase"]
[SourceQuality "1"]

1. e4 d6 2. d4 Nf6 3. Nc3 g6 4. Nf3 Bg7 5. Be2 O-O 6. O-O Bg4 7. Be3 Nc6 8. d5 Bxf3 9. Bxf3 Ne5 10. Be2 c6 11. f4 Ned7 12. Bd4 Qa5 13. Bf3 cxd5 14. exd5 Rac8 15. Re1 Rfe8 16. Qd3 Nc5 17. Qd1 Qb4 18. a3 Qxb2 19. Na4 Qb5 20. Nxc5 dxc5 21. Rb1 Qc4 22. Be5 b6 23. Rb3 Rcd8 24. Rd3 Nd7 25. Re4 Qa6 26. d6 Nxe5 27. fxe5 exd6 28. Rxd6 Qc8 29. Qd5 Qa8 30. c4 Qxd5 31. cxd5 Rxd6 32. exd6 Rd8 33. Re7 a5 34. Rc7 Rxd6 35. Rc8+ Bf8 36. a4 Kg7 37. Kf2 Rf6 38. Ke3 Bd6 39. h3 Rf4 40. Rc6 Be5 41. Rxb6 Rxa4 42. Rc6 Bf4+ 43. Kd3 Rd4+ 44. Kc2 c4 45. Kc3 Be5 46. Kc2 h5 47. Ra6 g5 48. Bxh5 Rxd5 49. Ra7 c3 50. Rxf7+ Kh6 51. Bf3 Rd2+ 52. Kb3 c2 53. Be4 c1=N+ 54. Ka3 Ra2# 0-1

[Event "Czech Open GM 2019"]
[Site "Pardubice"]
[Date "2019.07.20"]
[Round "2.5"]
[White "Haring, Viktor"]
[Black "Novik, Maxim"]
[Result "1-0"]
[WhiteElo "2278"]
[BlackElo "2450"]
[Annotator "ChessBase"]
[PlyCount "93"]
[EventDate "2019.07.19"]
[EventType "swiss"]
[EventCountry "CZE"]
[SourceTitle "playchess.com"]
[Source "ChessBase"]
[SourceQuality "1"]

1. e4 c5 2. Nf3 e6 3. d4 cxd4 4. Nxd4 a6 5. Nc3 b5 6. Bd3 Bb7 7. Qe2 d6 8. O-O Nf6 9. Bd2 Be7 10. a4 b4 11. Na2 a5 12. c3 bxc3 13. Nxc3 O-O 14. Rac1 Nbd7 15. Bb5 Nc5 16. f3 Qb8 17. Nc6 Bxc6 18. Bxc6 Ra7 19. Nb5 Ra6 20. Nd4 Qxb2 21. Bb5 Qxd4+ 22. Be3 Qe5 23. Bxa6 Nxa6 24. Qxa6 h6 25. Qa7 Re8 26. Rc7 Kf8 27. Rb1 g5 28. g3 Nxe4 29. fxe4 Qxe4 30. Rb8 Rxb8 31. Qxb8+ Kg7 32. Qa7 Bf6 33. Rxf7+ Kg6 34. Rxf6+ Kxf6 35. Qd4+ Kf5 36. Qxe4+ Kxe4 37. Bd2 e5 38. Bxa5 d5 39. Kf2 Kd3 40. Bb6 d4 41. a5 Kc2 42. a6 d3 43. Be3 d2 44. Bxd2 Kxd2 45. a7 e4 46. a8=Q e3+ 47. Kf3 1-0